000
00288nam a22001337a 4500
008
170527b xxu||||| |||| 00| 0 eng d
020
_a
9780060407346
041
_a
eng
080
_2
2ND
_a
621
100
_a
26
101
_a
IM
245
_a
THERMODYNAMICS
_c
BLACK, W.Z
942
_2
udc
_c
BK
999
_c
14664
_d
14664